1340 1006 1467 1304 1859 1513 1241 1523 1702 1196 1554 1606 1633 1174 1490 1386 1052 1162 1094 1233 1968 1581 1724 1680 1235 1619 1987 1315 1662 1037 1705 1982 1817 1276 1610 1864 1257 1787 1549 1407 1342 1572 1251 1949 1376 1064 1410 1839 1189 1138 1625 1376 1447 1863 1629 1779 1296 1301 1238 1460 1236 1696 1569 1873 1649 1557 1013 1155 1096 1456 1287 1697 1587 1130 1248 1439 1113 1129 1669 1441 1013 1591 1932 1487 1764 1754 1178 1634 1449 1590 1354 1180 1163 1150 1313 1148 1591 1353 1486 BCNSPRNW ULIB Ver.6.0+V

เปลี่ยนเป็นภาษาไทย

Change to English
 แสดงรายละเอียดบรรณานุกรม
  กลับหน้าหลัก

Brief Record : Get Marc (ISO 2709) : E-mail record : QR code < ปิดหน้าต่าง
LEADER : 00000nam 2200000uu 4500
001    13399126588
003     ULIB
008    020711s2560 th a 000 0 tha d
020    ^a9786163660480
050    ^aนว^bน472ช
100    ^aนายตะวัน
245    ^aเชลยรักอินทรีร้าย ซีรีส์ชุดราชสีห์/^cนายตะวัน
260    ^aกรุงเทพฯ :^bแสงจันทร์นวล,^c2560
300    ^a479 หน้า;^b21 ซม.
490 0  ^aราชสีห์ ;^v6
650    ^aนวนิยาย
945    ^p350^l0^i004783
999    ^aประนอม เกษจรัล
รายการนี้ยังไม่มีแท็ก
คุณยังไม่ได้ล็อกอิน คุณสามารถมีกิจกรรมร่วมกับเว็บไซต์ได้ แต่ต้องล็อกอินก่อน ::
  ล็อกอิน

รายการสื่อสารสนเทศ

ลำดับที่ ประเภท เลขเรียก/บาร์โค้ด สถานที่ สถานะ
1. นวนิยาย
นวนิยาย
นว น472ช ฉ.1 
  Barcode: 004783
ห้องสมุดวิทยาเขตสวรรค์ประชารักษ์
►นวนิยาย
บนชั้น
  ขอยืม

รายการใกล้เคียง
    ผู้แต่ง [นายตะวัน]

    หัวเรื่อง [นวนิยาย]

BibComment


ยังไม่เคยถูกคอมเมนท์

คอมเมนท์ทรัพยากรรายการนี้
  คอมเมนท์: เชลยรักอินทรีร้า..


 Copyright 2026. Bcnsprnw @Library